Statistiques concernant Assassination classroom - Élèves et professeurs de la 3E

Cliquez ici pour prendre le quiz!

Statistiques générales

  • Ce quiz a été pris 187 fois
  • Le résultat moyen est 17 sur 32

Statistiques - réponses

Numéros ou fonctionnalitéPrénoms (et noms)% Correct
Professeur PrincipalKoro-Sensei
99%
E-1Karma Akabane
98%
E-11Nagisa Shiota
95%
Professeur d'EPSTadaomi Karasuma
86%
Professeur d'AnglaisIrina Jelavic/Poufanovitch
85%
E-7Kaede Kayano
76%
E-27Ritsu
68%
E-28Itona Horibe
67%
E-17Rio Nakamura
67%
E-16Ryoma Terasaka
60%
E-2Yuma Isogai
60%
E-5Manami Okuda
53%
Autre professeur d'EPSAkira Takaoka
51%
E-13Tomohito Sugino
51%
E-22Hiroto Maehara
49%
E-9Masayoshi/Justice Kimura
48%
E-8Yukiko Kanzaki
45%
E-6Meg Kataoka
44%
E-15Ryunosuke Chiba
44%
E-20Rinka Hayami
41%
E-4Taiga Okajima
40%
E-3Hinata Okano
39%
E-25Toka Yada
38%
E-19Sumire Hara
36%
E-26Taisei Yoshida
35%
E-24Takuya Muramatsu
34%
E-18Kirara Hazama
33%
E-14Kotaro Takebayashi
32%
E-23Koki Mimura
29%
E-21Yuzuki Fuwa
28%
E-10Hinano Kurahashi
25%
E-12Sosuke Sugaya
25%

Distribution des résultats

Percentile par nombre de réponses

% des personnes avec chaque résultat

Votre développement - résultats

Vous n’avez pas pris ce quiz